000 00501nam a2200193Ia 4500
001 6195
003 IN-NITTTR
005 20251114233016.0
008 251113s9999||||xx |||||||||||||| ||eng||
040 _beng
040 _cIN-NITTTR
041 _aeng
082 _a621.902 B 912 M
100 _aBurghardt, Henry D.
245 0 _aMachine tool operation pt. 2 /
_cBurghardt, Henry D., Axelrod, Aaron, Anderson, James
700 _a Anderson, James
700 _a Axelrod, Aaron
942 _2ddc
_cBK
999 _c8833
_d8833